[Event "Tatry Open 2014"]
[Site "Tatranske Zruby SVK"]
[Date "2014.09.29"]
[Round "2.14"]
[White "Polacik, I."]
[Black "Sikorova, O."]
[Result "1/2-1/2"]
[WhiteElo "2173"]
[BlackElo "2282"]
[PlyCount "81"]
[EventDate "2014.09.28"]

1. e4 e6 2. d4 d5 3. Nc3 Bb4 4. e5 c5 5. a3 Bxc3+ 6. bxc3 Qa5 7. Bd2 Qa4 8. Qb1
c4 9. Nh3 Nc6 10. Nf4 b6 11. g3 Bd7 12. Bh3 h5 13. O-O g5 14. Ne2 g4 15. Bg2
Nge7 16. Bg5 O-O-O 17. f3 Rh7 18. fxg4 hxg4 19. Rf4 Rdh8 20. Rxg4 Rg8 21. Rh4
Rxh4 22. gxh4 Nf5 23. Ng3 Nce7 24. Bh3 Ng6 25. Nxf5 exf5 26. Bg2 Be6 27. h5
Nxe5 28. Bf4 Nf3+ 29. Kf2 Ng5 30. Qb2 f6 31. Rg1 Ne4+ 32. Bxe4 Rxg1 33. Kxg1
fxe4 34. Qb4 Qxb4 35. cxb4 a6 36. Kf2 Kd7 37. Ke3 Bf5 38. a4 b5 39. a5 Ke6 40.
c3 Bh7 41. h6 1/2-1/2

[Event "Tatry Open 2014"]
[Site "Tatranske Zruby SVK"]
[Date "2014.09.29"]
[Round "2.15"]
[White "Andras, T."]
[Black "Petran, Pe"]
[Result "0-1"]
[WhiteElo "2106"]
[BlackElo "2327"]
[PlyCount "62"]
[EventDate "2014.09.28"]

1. e4 c6 2. d4 d5 3. e5 c5 4. f4 cxd4 5. Nf3 Bg4 6. Bb5+ Nc6 7. Qxd4 Bxf3 8.
gxf3 e6 9. Be3 Nge7 10. Nc3 a6 11. Bxc6+ Nxc6 12. Qb6 d4 13. Qxb7 Qc8 14. Qxc8+
Rxc8 15. Bxd4 Nxd4 16. O-O-O Nf5 17. Ne4 Bb4 18. a3 Bc5 19. Rhe1 Be3+ 20. Kb1
Bxf4 21. Nd6+ Nxd6 22. Rxd6 a5 23. Re4 g5 24. Ra6 Bxh2 25. Rxa5 h5 26. Re1 h4
27. b4 h3 28. Kb2 Bf4 29. c4 h2 30. Rh1 Rh3 31. c5 Rxf3 0-1

[Event "Tatry Open 2014"]
[Site "Tatranske Zruby SVK"]
[Date "2014.09.29"]
[Round "2.16"]
[White "Cech, P."]
[Black "Mrva, V."]
[Result "1-0"]
[WhiteElo "2424"]
[BlackElo "2138"]
[PlyCount "87"]
[EventDate "2014.09.28"]

1. e4 e5 2. Nf3 Nf6 3. d3 Nc6 4. Be2 d5 5. Nbd2 Be7 6. O-O O-O 7. c3 h6 8. b4
a6 9. Bb2 Re8 10. a4 Bf8 11. b5 Nb8 12. Re1 c6 13. Bf1 Nbd7 14. exd5 cxd5 15.
c4 d4 16. g3 Bd6 17. Bg2 Nc5 18. Nb3 Nxb3 19. Qxb3 Nd7 20. Ba3 Bxa3 21. Qxa3 f6
22. Nd2 Nf8 23. Ne4 Rb8 24. Nd6 Re7 25. Nxc8 Rxc8 26. bxa6 bxa6 27. Rab1 a5 28.
Bd5+ Kh7 29. Rb5 Ra7 30. Reb1 f5 31. Rb7 Rxb7 32. Rxb7 Rb8 33. Rxb8 Qxb8 34.
Qe7 Ng6 35. Qe6 Qf8 36. c5 Ne7 37. Qxe5 Nxd5 38. Qxd5 Qb8 39. Qxf5+ Kh8 40. c6
Qb1+ 41. Kg2 Qc2 42. Qd7 Qxd3 43. c7 Qe4+ 44. Kh3 1-0

[Event "Tatry Open 2014"]
[Site "Tatranske Zruby SVK"]
[Date "2014.09.29"]
[Round "2.17"]
[White "Bojda, L."]
[Black "Jossien, A."]
[Result "0-1"]
[WhiteElo "2167"]
[BlackElo "2326"]
[PlyCount "68"]
[EventDate "2014.09.28"]

1. Nf3 g6 2. c4 Bg7 3. Nc3 d6 4. d4 f5 5. e4 Nh6 6. Bd3 O-O 7. Bxh6 Bxh6 8. e5
dxe5 9. dxe5 c5 10. O-O Nc6 11. a3 g5 12. e6 g4 13. Nh4 Bxe6 14. Re1 Qd7 15.
Rxe6 Qxe6 16. Nxf5 Ne5 17. Nd5 Bg5 18. Ng3 Qf7 19. Ne4 Bh4 20. g3 Nf3+ 21. Kg2
Bf6 22. Nexf6+ exf6 23. Nf4 Rfe8 24. Bf5 Rad8 25. Qxd8 Rxd8 26. Be6 Rd4 27. b4
Rxc4 28. bxc5 Rxc5 29. Rd1 Qxe6 30. Nxe6 Rc3 31. Rd7 h5 32. Nf4 Rc1 33. Ne2 Re1
34. Re7 Nd4 0-1

[Event "Tatry Open 2014"]
[Site "Tatranske Zruby SVK"]
[Date "2014.09.29"]
[Round "2.18"]
[White "Nayhebaver, Martin"]
[Black "Sorkovsky, M."]
[Result "1/2-1/2"]
[WhiteElo "2301"]
[BlackElo "2204"]
[PlyCount "62"]
[EventDate "2014.09.28"]

1. e4 e5 2. Nf3 Nf6 3. Nxe5 d6 4. Nf3 Nxe4 5. Nc3 Nxc3 6. dxc3 Be7 7. Bf4 Nc6
8. Qd2 a6 9. Bd3 Be6 10. O-O-O Qd7 11. Kb1 O-O-O 12. h3 h6 13. Rhe1 Rhe8 14.
Be4 Bf6 15. g4 Re7 16. Nd4 Bxd4 17. cxd4 d5 18. Bg2 Rde8 19. Re3 g5 20. Bg3 f5
21. gxf5 Bxf5 22. Rxe7 Rxe7 23. h4 Qe8 24. Bf1 Qg6 25. hxg5 hxg5 26. a3 Kb8 27.
Qc3 Qf6 28. f3 g4 29. Ka2 gxf3 30. Qxf3 Qg6 31. c3 Qg4 1/2-1/2

[Event "Tatry Open 2014"]
[Site "Tatranske Zruby SVK"]
[Date "2014.09.29"]
[Round "2.19"]
[White "Veleski, R."]
[Black "Marczuk, D."]
[Result "1-0"]
[WhiteElo "2284"]
[BlackElo "2110"]
[PlyCount "81"]
[EventDate "2014.09.28"]

1. Nf3 f5 2. g3 Nf6 3. Bg2 g6 4. O-O Bg7 5. d3 d6 6. c4 O-O 7. Nc3 c6 8. Rb1 e5
9. b4 Kh8 10. b5 Qc7 11. Qa4 Nbd7 12. Ba3 c5 13. Bb2 f4 14. Qc2 fxg3 15. hxg3
Re8 16. Bc1 Rb8 17. Ng5 b6 18. Bd5 h6 19. Ne6 Rxe6 20. Bxe6 Nf8 21. Nd5 Nxd5
22. Bxd5 Bh3 23. Bg2 Bg4 24. Kh2 Ne6 25. Be3 g5 26. Be4 Qf7 27. Kg2 Bf5 28. Rh1
Bxe4+ 29. dxe4 Nd4 30. Qd3 Rf8 31. Rbf1 Kg8 32. a4 Qe7 33. Ra1 Kf7 34. a5 Kg6
35. axb6 axb6 36. Ra6 Rb8 37. Rha1 Rb7 38. Bxd4 cxd4 39. Qf3 Qe6 40. g4 Rf7 41.
Qf5+ 1-0

[Event "Tatry Open 2014"]
[Site "Tatranske Zruby SVK"]
[Date "2014.09.29"]
[Round "2.20"]
[White "Najgebauer, S."]
[Black "Konak, J."]
[Result "1-0"]
[WhiteElo "2273"]
[BlackElo "2132"]
[PlyCount "81"]
[EventDate "2014.09.28"]

1. d4 d5 2. Nf3 Bf5 3. c4 e6 4. Qb3 Nc6 5. Bg5 f6 6. Bd2 Rb8 7. e3 Bxb1 8. Rxb1
Nge7 9. Bd3 g6 10. Qc2 Bg7 11. b4 Qd7 12. O-O O-O 13. b5 Nd8 14. Bb4 Re8 15.
Rfd1 Nf7 16. a4 c6 17. e4 Nd6 18. cxd5 cxd5 19. e5 fxe5 20. dxe5 Nf7 21. Qe2
Rbc8 22. a5 Qc7 23. Re1 b6 24. Ra1 Nf5 25. axb6 axb6 26. Ra6 Bf8 27. Bd2 Bc5
28. Rc1 Qe7 29. Bxf5 gxf5 30. Rca1 Rc7 31. h3 Rec8 32. Be3 Kg7 33. R1a4 Kh8 34.
Kh2 Rg8 35. Ra8 Rgc8 36. Qd2 Kg7 37. Nd4 Nxe5 38. Bg5 Qf7 39. Bf4 Bd6 40. Qe3
Nc4 41. Qg3+ 1-0

[Event "Tatry Open 2014"]
[Site "Tatranske Zruby SVK"]
[Date "2014.09.29"]
[Round "2.21"]
[White "Obona, J."]
[Black "Certek, P."]
[Result "1-0"]
[WhiteElo "2166"]
[BlackElo "2267"]
[PlyCount "83"]
[EventDate "2014.09.28"]

1. Nf3 g6 2. c4 Bg7 3. Nc3 c5 4. g3 Nc6 5. Bg2 d6 6. O-O a6 7. e3 Nf6 8. d4 O-O
9. h3 Rb8 10. Qe2 Nd7 11. Rd1 b5 12. dxc5 Nxc5 13. cxb5 axb5 14. Nd4 Nxd4 15.
exd4 Ne6 16. Be3 b4 17. Nd5 Nc7 18. Nxc7 Qxc7 19. Rac1 Qd7 20. Qc4 Bb7 21. Bxb7
Rxb7 22. Kh2 Ra8 23. a4 bxa3 24. bxa3 d5 25. Qc3 Rba7 26. Rb1 e6 27. Rb3 Bf8
28. Bf4 h5 29. Ra1 Ra4 30. Be5 Qa7 31. g4 hxg4 32. hxg4 Bg7 33. Qg3 f6 34. Bd6
Qxd4 35. Rc1 Rc4 36. Rxc4 dxc4 37. Rb7 Rc8 38. Bf4 Qd5 39. Ra7 c3 40. Qh3 g5
41. Qh5 e5 42. Qg6 1-0

[Event "Tatry Open 2014"]
[Site "Tatranske Zruby SVK"]
[Date "2014.09.29"]
[Round "2.22"]
[White "Pribyl, Jo"]
[Black "Lukac, R."]
[Result "1-0"]
[WhiteElo "2244"]
[BlackElo "2092"]
[PlyCount "77"]
[EventDate "2014.09.28"]

1. Nf3 c5 2. e4 d6 3. Bb5+ Nd7 4. d4 a6 5. Bxd7+ Bxd7 6. dxc5 dxc5 7. Nc3 Bc6
8. Qxd8+ Rxd8 9. Ne5 Rc8 10. Be3 e6 11. O-O-O Nf6 12. f3 Nd7 13. Nxc6 Rxc6 14.
Rhe1 Rd6 15. a4 Ne5 16. Bf4 Rxd1+ 17. Rxd1 Nc6 18. Bc7 c4 19. Bb6 Be7 20. f4 g5
21. f5 g4 22. Ne2 Bf6 23. Kb1 Be5 24. g3 exf5 25. exf5 h5 26. Nd4 O-O 27. Nxc6
bxc6 28. Re1 Bf6 29. c3 a5 30. Re4 Bxc3 31. Rxc4 Bb4 32. Rxc6 h4 33. Rh6 hxg3
34. Bd4 f6 35. hxg3 Kf7 36. Rxf6+ Ke7 37. Rxf8 Kxf8 38. Be5 Ke7 39. Kc2 1-0

[Event "Tatry Open 2014"]
[Site "Tatranske Zruby SVK"]
[Date "2014.09.29"]
[Round "2.23"]
[White "Brhel, J."]
[Black "Skreno, V."]
[Result "0-1"]
[WhiteElo "2108"]
[BlackElo "2244"]
[PlyCount "102"]
[EventDate "2014.09.28"]

1. d4 Nf6 2. c4 g6 3. Nc3 Bg7 4. Nf3 d6 5. Bg5 O-O 6. e3 c6 7. Be2 Nbd7 8. O-O
Re8 9. Qc2 Qc7 10. Rae1 e5 11. Nd2 Nf8 12. f4 exd4 13. exd4 Ng4 14. Nb3 Ne3 15.
Qd2 Nxf1 16. Rxf1 a5 17. a4 Qb6 18. Bd1 Ne6 19. Kh1 Nxd4 20. Qf2 Qa7 21. Nd2
Nf5 22. Qxa7 Rxa7 23. g4 Ne3 24. Re1 Bxc3 25. bxc3 Bd7 26. h3 Raa8 27. Bf3 f5
28. gxf5 Bxf5 29. Kg1 Bd3 30. Kf2 Nf5 31. Be4 Bxe4 32. Nxe4 Rxe4 33. Rxe4 Kf7
34. Re1 h6 35. Rb1 hxg5 36. Rxb7+ Kf6 37. fxg5+ Kxg5 38. c5 dxc5 39. Rc7 Ra6
40. Ke2 Kf6 41. Kd3 Ke6 42. Ke4 Ne7 43. c4 Ra8 44. Kf4 Kd6 45. Rb7 Rf8+ 46. Kg5
Rf3 47. h4 Rf5+ 48. Kg4 Re5 49. Ra7 Re4+ 50. Kg5 Rxc4 51. Rxa5 Nc8 0-1

[Event "Tatry Open 2014"]
[Site "Tatranske Zruby SVK"]
[Date "2014.09.29"]
[Round "2.24"]
[White "Sejkora, V."]
[Black "Mitura, V."]
[Result "1-0"]
[WhiteElo "2243"]
[BlackElo "2083"]
[PlyCount "81"]
[EventDate "2014.09.28"]

1. e4 c6 2. d4 d5 3. e5 Bf5 4. Ne2 e6 5. Nf4 h6 6. Bd3 Bxd3 7. Nxd3 Nd7 8. Be3
Ne7 9. g4 c5 10. c3 Nc6 11. O-O h5 12. f3 g6 13. Nd2 Bh6 14. Bxh6 Rxh6 15. dxc5
Ndxe5 16. Nxe5 Nxe5 17. Qa4+ Nd7 18. Qf4 Rh7 19. b4 Qb8 20. Qxb8+ Rxb8 21. g5
Ke7 22. c4 dxc4 23. Nxc4 Rhh8 24. Rad1 Rhd8 25. Rd6 Nf8 26. Rfd1 Rxd6 27. Rxd6
Nd7 28. f4 Rc8 29. Kf2 f6 30. Rxd7+ Kxd7 31. gxf6 Rd8 32. Ke3 Kc6 33. a4 Kd5
34. Ne5 Rf8 35. f7 g5 36. b5 h4 37. h3 g4 38. hxg4 h3 39. Kf2 Rh8 40. Kg1 Rf8
41. g5 1-0

[Event "Tatry Open 2014"]
[Site "Tatranske Zruby SVK"]
[Date "2014.09.29"]
[Round "2.25"]
[White "Ramik, Z."]
[Black "Tropp, F."]
[Result "1/2-1/2"]
[WhiteElo "2216"]
[BlackElo "2101"]
[PlyCount "39"]
[EventDate "2014.09.28"]

1. e4 c6 2. d4 d5 3. Nc3 g6 4. Nf3 Bg7 5. h3 dxe4 6. Nxe4 Nd7 7. Bc4 Ngf6 8.
Nxf6+ Nxf6 9. O-O O-O 10. c3 Bf5 11. Qe2 Be4 12. Re1 Bxf3 13. Qxf3 h6 14. a4 a5
15. Bf4 e6 16. g4 Nd5 17. Bg3 Bf6 18. Re2 Kg7 19. Rf1 Rc8 20. Qg2 1/2-1/2

[Event "Tatry Open 2014"]
[Site "Tatranske Zruby SVK"]
[Date "2014.09.29"]
[Round "2.26"]
[White "Chovan, Milan"]
[Black "Ruckschloss, K."]
[Result "0-1"]
[WhiteElo "2093"]
[BlackElo "2207"]
[PlyCount "96"]
[EventDate "2014.09.28"]

1. e4 d6 2. d4 Nf6 3. Nc3 g6 4. Bg5 Bg7 5. Qd2 h6 6. Bh4 c6 7. f4 b5 8. Bd3 b4
9. Nce2 a5 10. Nf3 Ba6 11. O-O O-O 12. e5 dxe5 13. fxe5 Nd5 14. c4 bxc3 15.
bxc3 Bxd3 16. Qxd3 Qd7 17. c4 Nc7 18. Rfd1 Nba6 19. Rac1 Rfb8 20. Qd2 a4 21. d5
cxd5 22. cxd5 a3 23. Bxe7 Rb2 24. Qd3 Nxd5 25. Bxa3 Rxa2 26. Qb3 Rxe2 27. Qxd5
Qxd5 28. Rxd5 Nc7 29. Rd3 Ne6 30. Rdc3 g5 31. Kf1 Re4 32. Rc8+ Rxc8 33. Rxc8+
Kh7 34. Bd6 g4 35. Nd2 Rd4 36. Ke2 h5 37. Rc4 Nf4+ 38. Kf1 Rxd2 39. Rxf4 Kg6
40. Rf2 Rd1+ 41. Ke2 Rd5 42. Rf4 Bxe5 43. Bxe5 Rxe5+ 44. Kf2 Rf5 45. Kg3 Kg5
46. h4+ gxh3 47. Ra4 hxg2 48. Kxg2 Rb5 0-1

[Event "Tatry Open 2014"]
[Site "Tatranske Zruby SVK"]
[Date "2014.09.29"]
[Round "2.28"]
[White "Bartos, A."]
[Black "Lanc, A."]
[Result "1/2-1/2"]
[WhiteElo "2072"]
[BlackElo "2363"]
[PlyCount "47"]
[EventDate "2014.09.28"]

1. e4 e5 2. Nf3 Nc6 3. Bc4 d6 4. O-O h6 5. h3 g6 6. d4 Bd7 7. Be3 Bg7 8. Nc3
Nf6 9. dxe5 dxe5 10. Bc5 Nh5 11. Qd2 Na5 12. Be2 b6 13. Ba3 c6 14. Rad1 Be6 15.
Bd6 f6 16. b3 Nf4 17. Ba6 Bf8 18. Bxf8 Rxf8 19. h4 Qxd2 20. Nxd2 Bc8 21. Bxc8
Rxc8 22. b4 Nb7 23. Nc4 Ke7 24. Ne3 1/2-1/2

[Event "Tatry Open 2014"]
[Site "Tatranske Zruby SVK"]
[Date "2014.09.29"]
[Round "2.29"]
[White "Sturc, J."]
[Black "Jossien, R."]
[Result "0-1"]
[WhiteElo "2061"]
[BlackElo "2262"]
[PlyCount "43"]
[EventDate "2014.09.28"]

1. e4 e5 2. Nf3 Nc6 3. Bb5 a6 4. Ba4 Bc5 5. O-O d6 6. c3 f6 7. d4 Ba7 8. d5 b5
9. Bc2 Nce7 10. a4 Bd7 11. Kh1 f5 12. Ng5 Nf6 13. axb5 axb5 14. f4 exf4 15.
Rxf4 O-O 16. exf5 Nexd5 17. Bb3 c6 18. Ne6 Bxe6 19. fxe6 Qe7 20. Bxd5 cxd5 21.
Qe2 Ne4 22. Rxf8+ 0-1

[Event "Tatry Open 2014"]
[Site "Tatranske Zruby SVK"]
[Date "2014.09.29"]
[Round "2.30"]
[White "Michalicka, M."]
[Black "Murin, P."]
[Result "1/2-1/2"]
[WhiteElo "2225"]
[BlackElo "2051"]
[PlyCount "63"]
[EventDate "2014.09.28"]

1. Nf3 c5 2. c4 Nf6 3. g3 Nc6 4. Bg2 g6 5. b3 Bg7 6. Bb2 O-O 7. O-O d6 8. e3
Bf5 9. d3 Qd7 10. Qe2 Bh3 11. d4 Bxg2 12. Kxg2 cxd4 13. Nxd4 d5 14. Rd1 Nxd4
15. Bxd4 dxc4 16. bxc4 Qc6+ 17. Qf3 Rfc8 18. Nd2 Qxf3+ 19. Kxf3 Nd7 20. Ke2 e5
21. Bb2 Nc5 22. Rab1 f5 23. Ba3 b6 24. Rbc1 Ne6 25. Nb3 Rd8 26. Bd6 Rac8 27. a4
Rc6 28. Be7 Rxd1 29. Kxd1 Kf7 30. Bb4 e4 31. a5 bxa5 32. Bxa5 1/2-1/2

[Event "Tatry Open 2014"]
[Site "Tatranske Zruby SVK"]
[Date "2014.09.29"]
[Round "2.31"]
[White "Privara, I."]
[Black "Jurcisin, I."]
[Result "1-0"]
[WhiteElo "2205"]
[BlackElo "2044"]
[PlyCount "73"]
[EventDate "2014.09.28"]

1. e4 d5 2. exd5 Nf6 3. d4 Nxd5 4. Nf3 Bf5 5. a3 e6 6. Be2 Nc6 7. O-O Be7 8. c4
Nb6 9. Nc3 Bf6 10. d5 Ne7 11. Nd4 Bg6 12. Ndb5 Bxc3 13. bxc3 exd5 14. Bf4 O-O
15. Bxc7 Qd7 16. c5 Nbc8 17. Bf4 a6 18. Nc7 Ra7 19. Bf3 b6 20. Nxd5 bxc5 21.
Bb8 Nxd5 22. Bxa7 Nxa7 23. Qxd5 Qxd5 24. Bxd5 Nb5 25. Bc4 Ra8 26. Rfe1 Nd6 27.
Bf1 a5 28. Re5 Ne4 29. Re1 f5 30. f3 Nxc3 31. Rxc5 Na4 32. Rc7 Nb2 33. Ree7 Rd8
34. h4 f4 35. Rxg7+ Kf8 36. h5 Bb1 37. Rcf7+ 1-0

[Event "Tatry Open 2014"]
[Site "Tatranske Zruby SVK"]
[Date "2014.09.29"]
[Round "2.32"]
[White "Hadzi Manev, L."]
[Black "Dobrotka, M."]
[Result "0-1"]
[WhiteElo "2046"]
[BlackElo "2189"]
[PlyCount "101"]
[EventDate "2014.09.28"]

1. d4 d6 2. e4 Nf6 3. Nc3 g6 4. Be3 Bg7 5. Be2 c6 6. Qd2 Qc7 7. Bh6 Bxh6 8.
Qxh6 Qa5 9. O-O-O Bg4 10. Bxg4 Nxg4 11. Qf4 Nf6 12. Nge2 Nbd7 13. g4 O-O-O 14.
g5 Nh5 15. Qe3 e5 16. d5 c5 17. a3 b5 18. Na2 Qb6 19. b3 Kc7 20. Qc3 a5 21. Kb1
Ra8 22. Qe3 Rhb8 23. Qf3 Rf8 24. Ng3 Nf4 25. h4 f6 26. h5 fxg5 27. hxg6 hxg6
28. Rh7 Nh5 29. Qe2 Nhf6 30. Rg7 Rg8 31. Rxg8 Rxg8 32. Rh1 c4 33. b4 axb4 34.
axb4 Ra8 35. Nc3 Ra3 36. Kb2 Rxc3 37. Rd1 Rxg3 38. fxg3 Qa7 39. Re1 Qd4+ 40. c3
Qd3 41. Qxd3 cxd3 42. Kc1 Nh5 43. Re3 g4 44. Rxd3 Nb6 45. Kd2 Nc4+ 46. Ke2 Nf6
47. Re3 Nh5 48. Rd3 Kd7 49. Kf2 Nf6 50. Ke2 Nxe4 51. Re3 0-1

[Event "Tatry Open 2014"]
[Site "Tatranske Zruby SVK"]
[Date "2014.09.29"]
[Round "2.33"]
[White "Rous, D."]
[Black "Orosi, P."]
[Result "1-0"]
[WhiteElo "2188"]
[BlackElo "2041"]
[PlyCount "67"]
[EventDate "2014.09.28"]

1. Nf3 Nf6 2. c4 c5 3. g3 e6 4. Bg2 Nc6 5. O-O d5 6. cxd5 exd5 7. d4 Be6 8. Nc3
c4 9. Ne5 Be7 10. Nxc6 bxc6 11. e4 Nd7 12. exd5 cxd5 13. Bxd5 Bxd5 14. Nxd5 O-O
15. Bf4 Nf6 16. Nxe7+ Qxe7 17. d5 Qd7 18. d6 Rab8 19. Qd4 Rb5 20. Rfe1 Qh3 21.
f3 Rfb8 22. d7 Rd8 23. Rad1 h6 24. Re7 Rd5 25. Qxd5 Nxd5 26. Re8+ Kh7 27. Rxd8
Nxf4 28. Rh8+ Kg6 29. gxf4 Qxf3 30. Rd6+ Kh5 31. d8=Q Qe3+ 32. Kf1 Qc1+ 33. Ke2
Qc2+ 34. Kf3 1-0

[Event "Tatry Open 2014"]
[Site "Tatranske Zruby SVK"]
[Date "2014.09.29"]
[Round "2.34"]
[White "Grove, Michael"]
[Black "Kubik, M."]
[Result "1/2-1/2"]
[WhiteElo "2041"]
[BlackElo "2177"]
[PlyCount "46"]
[EventDate "2014.09.28"]

1. e4 c5 2. b4 cxb4 3. a3 d5 4. exd5 Qxd5 5. Nf3 e5 6. Bb2 Nc6 7. c4 Qe6 8. Bd3
Bc5 9. O-O Nge7 10. Re1 f6 11. Bf1 Qf7 12. d4 exd4 13. Nxd4 O-O 14. Nb3 bxa3
15. Nxa3 Bb4 16. Re3 Nf5 17. Re4 Be6 18. Nc2 Nd6 19. Rxe6 Qxe6 20. Qd5 Kf7 21.
Qh5+ Kg8 22. Qd5 Kf7 23. Qh5+ Kg8 1/2-1/2

[Event "Tatry Open 2014"]
[Site "Tatranske Zruby SVK"]
[Date "2014.09.29"]
[Round "2.35"]
[White "Frindt, K."]
[Black "Hrnciar, R."]
[Result "0-1"]
[WhiteElo "2176"]
[BlackElo "2039"]
[PlyCount "98"]
[EventDate "2014.09.28"]

1. e4 Nc6 2. Nf3 d6 3. d4 g6 4. c4 Bg7 5. Nc3 e5 6. dxe5 Nxe5 7. Nxe5 dxe5 8.
Qxd8+ Kxd8 9. Be2 c6 10. O-O Be6 11. b4 Ne7 12. Be3 Kc7 13. Rfc1 f5 14. f3 Rhd8
15. Rc2 Rd4 16. Nd5+ Bxd5 17. cxd5 fxe4 18. Bxd4 exd4 19. d6+ Kxd6 20. Rd1 d3
21. Rcc1 Kc7 22. Bf1 d2 23. Rxd2 Bh6 24. Rdc2 Bxc1 25. Rxc1 exf3 26. gxf3 Rf8
27. Kf2 Nd5 28. b5 Kd6 29. bxc6 bxc6 30. Rb1 Rf7 31. Rb3 a5 32. Rb8 Rf4 33.
Rd8+ Kc5 34. Rd7 Nf6 35. Rb7 Rb4 36. Rf7 Rb2+ 37. Kg1 Nd5 38. Rxh7 Rxa2 39. Rg7
Ne3 40. Bh3 a4 41. Rxg6 a3 42. Re6 Nd5 43. Re1 Rb2 44. Bf5 a2 45. h4 Ne3 46.
Be4 Nc2 47. Bxc2 Rxc2 48. h5 Rb2 49. Re5+ Kb6 0-1

[Event "Tatry Open 2014"]
[Site "Tatranske Zruby SVK"]
[Date "2014.09.29"]
[Round "2.36"]
[White "Hujo, J."]
[Black "Janousek, P."]
[Result "1/2-1/2"]
[WhiteElo "2038"]
[BlackElo "2174"]
[PlyCount "101"]
[EventDate "2014.09.28"]

1. d4 Nf6 2. Nf3 g6 3. c4 Bg7 4. Nc3 O-O 5. Bg5 d6 6. e3 c6 7. Be2 Nbd7 8. O-O
h6 9. Bh4 g5 10. Bg3 Nh5 11. Nd2 Nxg3 12. fxg3 Qb6 13. Na4 Qa5 14. Nc3 Nf6 15.
Bd3 a6 16. Nb3 Qb6 17. c5 dxc5 18. Na4 Qc7 19. Naxc5 Bg4 20. Qd2 Rad8 21. Bc2
Bh5 22. Kh1 Rfe8 23. Ne4 Nxe4 24. Bxe4 Rd6 25. Qf2 e5 26. Rac1 a5 27. a4 Rf6
28. Qc2 Rxf1+ 29. Rxf1 exd4 30. exd4 Qe7 31. Bd3 Qb4 32. h3 Re1 33. Rxe1 Qxe1+
34. Kh2 Bd1 35. Qc1 c5 36. Bc2 c4 37. Qxd1 Qxd1 38. Bxd1 cxb3 39. Bxb3 Bxd4 40.
Bd5 b6 41. b3 Be5 42. Kg1 Bxg3 43. Kf1 Kg7 44. Ke2 f5 45. Kf3 Bd6 46. g4 Kf6
47. Bc6 Ke5 48. Bd7 f4 49. Be8 Kd4 50. Bf7 Kd3 51. Be6 1/2-1/2

[Event "Tatry Open 2014"]
[Site "Tatranske Zruby SVK"]
[Date "2014.09.29"]
[Round "2.37"]
[White "Haring, V."]
[Black "Koval, A."]
[Result "1/2-1/2"]
[WhiteElo "2033"]
[BlackElo "2170"]
[PlyCount "71"]
[EventDate "2014.09.28"]

1. e4 c5 2. Nf3 Nc6 3. d4 cxd4 4. Nxd4 g6 5. Be3 Nf6 6. Nc3 Bg7 7. Bc4 d6 8. f3
Bd7 9. Qd2 Rc8 10. Bb3 h5 11. Nxc6 bxc6 12. e5 dxe5 13. O-O-O Qc7 14. Bg5 Bf5
15. h3 Rb8 16. g4 Bc8 17. Rhe1 Nd7 18. Be3 h4 19. Ne4 Nb6 20. Qc3 O-O 21. Bg5
Ba6 22. Bxh4 Rbd8 23. Bg3 Rxd1+ 24. Rxd1 Be2 25. Re1 Bb5 26. Ng5 e6 27. Bxe5
Bxe5 28. Rxe5 Nd7 29. Re1 Qf4+ 30. Qe3 Qxe3+ 31. Rxe3 Nc5 32. Ne4 Nxe4 33. Rxe4
Kg7 34. Bc4 Rh8 35. Bxb5 cxb5 36. Kd2 1/2-1/2

[Event "Tatry Open 2014"]
[Site "Tatranske Zruby SVK"]
[Date "2014.09.29"]
[Round "2.38"]
[White "Framberk, J."]
[Black "Kolesar, Mil"]
[Result "1/2-1/2"]
[WhiteElo "2027"]
[BlackElo "2166"]
[PlyCount "95"]
[EventDate "2014.09.28"]

1. e4 c5 2. Nf3 d6 3. d4 cxd4 4. Nxd4 Nf6 5. Nc3 Nc6 6. Bg5 e6 7. Bb5 Bd7 8.
Bxc6 bxc6 9. Qf3 h6 10. Bxf6 Qxf6 11. Qxf6 gxf6 12. O-O-O Rg8 13. g3 Rb8 14.
Rhe1 h5 15. Rd3 Kd8 16. Kb1 Kc7 17. Nf3 e5 18. Nh4 Be6 19. Rf3 Bh6 20. Rd3 Rgd8
21. Red1 Bg4 22. Re1 Rb4 23. a3 Rb7 24. f3 Be6 25. Nf5 Bxf5 26. exf5 d5 27.
Red1 Rdb8 28. b3 Bf8 29. Kb2 Be7 30. Rg1 Rg8 31. h3 Rbb8 32. Rd2 Rg5 33. g4
hxg4 34. hxg4 Rh8 35. Rgg2 Rg7 36. Rh2 Rgh7 37. Rxh7 Rxh7 38. b4 a6 39. Kb3 Rh3
40. Rd3 Bf8 41. a4 Rh2 42. b5 axb5 43. axb5 d4 44. Ne4 Be7 45. bxc6 Kxc6 46. c3
dxc3 47. Nxc3 Rh8 48. Kc4 1/2-1/2

[Event "Tatry Open 2014"]
[Site "Tatranske Zruby SVK"]
[Date "2014.09.29"]
[Round "2.39"]
[White "Plasil, Petr"]
[Black "Klemanic, E."]
[Result "0-1"]
[WhiteElo "2015"]
[BlackElo "2160"]
[PlyCount "76"]
[EventDate "2014.09.28"]

1. d4 Nf6 2. Nf3 g6 3. c4 Bg7 4. Nc3 O-O 5. e4 d6 6. Be2 Bg4 7. Be3 Nfd7 8. Rc1
Nc6 9. d5 Bxf3 10. Bxf3 Na5 11. b3 c5 12. O-O a6 13. Qd2 Rb8 14. Be2 Nf6 15. f3
b6 16. Bh6 Qd7 17. Bxg7 Kxg7 18. f4 Qc7 19. Qe3 Nd7 20. Bg4 b5 21. Bxd7 Qxd7
22. e5 bxc4 23. Ne4 f6 24. bxc4 Rb4 25. exf6+ exf6 26. Nxc5 dxc5 27. Qxc5 Ra4
28. Rfe1 Rf7 29. Red1 Rxa2 30. Qe3 Re7 31. Qf3 Ree2 32. c5 Nb3 33. c6 Rxg2+ 34.
Kf1 Rgf2+ 35. Qxf2 Qh3+ 36. Kg1 Rxf2 37. Kxf2 Nxc1 38. Rxc1 Qd3 0-1

[Event "Tatry Open 2014"]
[Site "Tatranske Zruby SVK"]
[Date "2014.09.29"]
[Round "2.40"]
[White "Barrish, Daniel"]
[Black "Kotlowski, T."]
[Result "1-0"]
[WhiteElo "2144"]
[BlackElo "2034"]
[PlyCount "41"]
[EventDate "2014.09.28"]

1. d4 d5 2. c4 e5 3. dxe5 d4 4. Nf3 c5 5. e3 Nc6 6. exd4 cxd4 7. Bd3 Nge7 8.
O-O Ng6 9. Re1 Be7 10. Nbd2 Bg4 11. Qb3 Qc7 12. h3 Be6 13. Be4 Rd8 14. Bd5 Na5
15. Qa4+ b5 16. Qxb5+ Bd7 17. Qa6 Rb8 18. Bxf7+ Kf8 19. Be6 Bb4 20. Bxd7 Qxd7
21. c5 1-0

[Event "Tatry Open 2014"]
[Site "Tatranske Zruby SVK"]
[Date "2014.09.30"]
[Round "3.1"]
[White "Michenka, J."]
[Black "Jasny, S."]
[Result "1/2-1/2"]
[WhiteElo "2326"]
[BlackElo "2409"]
[PlyCount "26"]
[EventDate "2014.09.28"]

1. d4 Nf6 2. c4 e6 3. Nc3 Bb4 4. Qc2 O-O 5. a3 Bxc3+ 6. Qxc3 d5 7. e3 b6 8. Nf3
Ba6 9. b3 dxc4 10. Bxc4 c5 11. Bb2 Bxc4 12. Qxc4 Nbd7 13. O-O Rc8 1/2-1/2

[Event "Tatry Open 2014"]
[Site "Tatranske Zruby SVK"]
[Date "2014.09.30"]
[Round "3.2"]
[White "Zambo, Z."]
[Black "Jarmula, L."]
[Result "0-1"]
[WhiteElo "2382"]
[BlackElo "2314"]
[PlyCount "84"]
[EventDate "2014.09.28"]

1. Nf3 d5 2. b3 Bf5 3. Bb2 e6 4. c4 Nf6 5. h3 c5 6. Nh4 d4 7. d3 Bd6 8. g4 Bg6
9. Bg2 Nc6 10. Nxg6 hxg6 11. Nd2 Bf4 12. Rg1 Qb6 13. a3 a5 14. Rb1 Qc7 15. Nf1
Ra6 16. e3 Be5 17. Qe2 Rb6 18. Bxc6+ bxc6 19. exd4 Bxd4 20. Bxd4 cxd4 21. Qf3
Qe5+ 22. Kd1 Qd6 23. b4 axb4 24. axb4 Qc7 25. Nd2 O-O 26. g5 Nd7 27. c5 Rb5 28.
Rg4 e5 29. h4 Qb7 30. h5 Rxb4 31. Rxb4 Qxb4 32. Qxc6 Nxc5 33. hxg6 Nxd3 34. Rh4
Nxf2+ 35. Ke1 Nd3+ 36. Kd1 Qa4+ 37. Qxa4 Nb2+ 38. Ke2 Nxa4 39. Nc4 fxg6 40.
Nxe5 Re8 41. Kf3 Rxe5 42. Rxd4 Nc5 0-1

[Event "Tatry Open 2014"]
[Site "Tatranske Zruby SVK"]
[Date "2014.09.30"]
[Round "3.3"]
[White "Vul, A."]
[Black "Vojta, T."]
[Result "0-1"]
[WhiteElo "2294"]
[BlackElo "2373"]
[PlyCount "58"]
[EventDate "2014.09.28"]

1. Nf3 Nc6 2. d4 d5 3. g3 Bg4 4. Bg2 Qd7 5. O-O O-O-O 6. Nbd2 f6 7. c3 h5 8. b4
e6 9. Re1 Bd6 10. h3 Bf5 11. e4 dxe4 12. Nxe4 Nge7 13. b5 Nb8 14. c4 Bb4 15.
Bd2 Bxd2 16. Qxd2 b6 17. a4 h4 18. g4 Bxe4 19. Rxe4 Ng6 20. a5 e5 21. axb6 axb6
22. Ra8 Qd6 23. Qa2 Rhe8 24. dxe5 fxe5 25. Rxb8+ Kxb8 26. Nxe5 Qd1+ 27. Kh2
Nxe5 28. Rd4 Nf3+ 29. Bxf3 Qxf3 0-1